| 000 | 00353nam a22001337a 4500 | ||
|---|---|---|---|
| 082 |
_a823 _bGRI/R |
||
| 100 | _aBROTHERS GRIMM | ||
| 245 | _aRAPUNZEL- BILINGUAL FAIRY TALES | ||
| 246 |
_aRAPUNZEL- BILINGUAL FAIRY TALES _bRAPUNZEL- BILINGUAL FAIRY TALES |
||
| 260 |
_aINDIAN _bHARPER COLLINS |
||
| 300 | _a31 | ||
| 650 | _aENGLISH-HINDI STORY | ||
| 942 | _cBK | ||
| 999 |
_c8694 _d8694 |
||